Τοπική ανάπτυξη ορεινών μειονεκτικών περιφερειών : μελέτη περίπτωσης δήμος Κόνιτσας : πτυχιακή εργασία

Αποθηκεύτηκε σε:
Λεπτομέρειες βιβλιογραφικής εγγραφής
Κύριος συγγραφέας: Γαϊτανίδου, Ελπίδα
Συγγραφή απο Οργανισμό/Αρχή: Πανεπιστήμιο Αιγαίου. Σχολή Κοινωνικών Επιστημών. Τμήμα Γεωγραφίας
Άλλοι συγγραφείς: Μπριασούλη, Ελένη (Εισηγητής διατριβής)
Μορφή: Thesis Βιβλίο
Γλώσσα:Greek
Δημοσίευση: Μυτιλήνη : Πανεπιστήμιο Αιγαίου, Τμήμα Γεωγραφίας, 1998
Θέματα:
Ετικέτες: Προσθήκη ετικέτας
Δεν υπάρχουν, Καταχωρήστε ετικέτα πρώτοι!

MARC

LEADER 00000cam a2200000 i 4500
001 1/8841
008 000726s1998 gre d
035 |l 10062832 
040 |a GR-MY-UA  |b gre  |e aacr 
041 0 |a gre 
082 0 |a 338.9  |2 (22) 
100 1 |a Γαϊτανίδου, Ελπίδα. 
245 1 0 |a Τοπική ανάπτυξη ορεινών μειονεκτικών περιφερειών :  |b μελέτη περίπτωσης δήμος Κόνιτσας : πτυχιακή εργασία /  |c Γαϊτανίδου Ελπίδα ; επιβλέπουσα καθηγήτρια Μπριασούλη Ελένη 
260 |a Μυτιλήνη :   |b Πανεπιστήμιο Αιγαίου, Τμήμα Γεωγραφίας,   |c 1998 
300 |a 237 σ.;  |b πιν.; φωτ.;  |c 30 εκ. 
502 |a Πτυχιακή εργασία – Πανεπιστήμιο Αιγαίου, Λέσβος, 1998. 
504 |a Περιέχει βιβλιογραφία 
650 0 |a Rural development  |z Greece  |z Konitsa. 
650 0 |a Sustainable development  |z Greece  |z Konitsa. 
650 0 |a Regional disparities  |z Greece  |z Konitsa. 
650 0 0 |a Regional economic disparities. 
650 0 0 |a Dissertations, Academic  |z Greece. 
700 1 |a Μπριασούλη, Ελένη.  |4 ths 
710 2 |a Πανεπιστήμιο Αιγαίου.   |b Σχολή Κοινωνικών Επιστημών.   |b Τμήμα Γεωγραφίας. 
852 |a INST  |b LESVOS  |c DIATR  |e 20000726  |h 1  |p 005100025635  |q 005100025635  |t DIE  |y 23 
852 |a INST  |b LESVOS  |c DIATR  |e 20000726  |h 2  |p 005100025636  |q 005100025636  |t DIE  |y 23 
901 |a BIBL1-2000-2 
909 |a Λ  |b 080691 
909 |a Λ  |b 080693 
924 |a ΓΑΙΤΑΝΙΔΟΥ  |b ΕΛΠΙΔΑ  |y ΛΕΣΒΟΣ  |z 1998 
970 |a ΚΑΜΑΤΣΟΥ  |b ΔΕΣΠΟΙΝΑ  |z 2000/07/26